| 000 | 01857cam a22004934a 4500 | ||
|---|---|---|---|
| 001 | muse86520 | ||
| 003 | MdBmJHUP | ||
| 005 | 20210127151727.0 | ||
| 006 | m o d | ||
| 007 | cr||||||||nn|n | ||
| 008 | 200531r20201961ncu o 00 0 eng d | ||
| 020 | _a9781469658025 | ||
| 020 | _z9780807880319 | ||
| 035 | _a(OCoLC)1157973039 | ||
| 040 |
_aMdBmJHUP _cMdBmJHUP |
||
| 041 | 1 |
_aeng _hger |
|
| 050 | 4 |
_aPT2378.Z4 _bE5 1961 |
|
| 082 | 0 | _a832.6 | |
| 100 | 1 |
_aKleist, Heinrich von, _d1777-1811, _eauthor. |
|
| 240 | 1 | 0 |
_aZerbrochene Krug. _lEnglish |
| 245 | 1 | 4 |
_aThe Broken Pitcher _bA Comedy in One Act / _cby Heinrich von Kleist ; translated into English verse by Bayard Quincy Morgan. |
| 264 | 1 | _bProject Muse, | |
| 264 | 3 | _bProject MUSE, | |
| 300 | _a1 online resource (1 EPUB unpaged.) | ||
| 490 | 0 |
_aUNC studies in the Germanic languages and literatures ; _vnumber 31 |
|
| 500 | _aIssued as part of book collections on Project MUSE. | ||
| 506 | 0 |
_aOpen Access _fUnrestricted online access _2star |
|
| 588 | _aDescription based on print version record. | ||
| 650 | 0 | _aGerman drama. | |
| 655 | 0 | _aElectronic books. | |
| 655 | 0 |
_aComedies. _2lcgft |
|
| 655 | 7 |
_aElectronic books. _2local |
|
| 700 | 1 |
_aMorgan, Bayard Quincy, _d1883-1967, _etranslator. |
|
| 710 | 2 |
_aProject Muse, _edistributor. |
|
| 776 | 1 | 8 |
_iPrint version: _w(DLC) 61064205 _z9780807880319 |
| 710 | 2 |
_aProject Muse. _edistributor |
|
| 830 | 0 |
_aUniversity of North Carolina studies in the Germanic languages and literatures ; _vno. 31. |
|
| 830 | 0 | _aBook collections on Project MUSE. | |
| 856 | 4 | 0 |
_zFull text available: _uhttps://muse.jhu.edu/book/75814/ |
| 999 |
_c26805 _d26805 |
||